<?xml version="1.0" encoding="UTF-8"?>
<collection xmlns="http://www.loc.gov/MARC21/slim">
 <record>
  <leader>00393pamaa2200145   4500</leader>
  <controlfield tag="001">0000016360</controlfield>
  <controlfield tag="005">20060609090000.0</controlfield>
  <datafield tag="020" ind1="0" ind2="0">
   <subfield code="a">967978472X </subfield>
  </datafield>
  <datafield tag="082" ind1=" " ind2=" ">
   <subfield code="a">650 CHA</subfield>
  </datafield>
  <datafield tag="090" ind1="0" ind2="0">
   <subfield code="a">HD30.28 </subfield>
   <subfield code="b">CHA 1993</subfield>
  </datafield>
  <datafield tag="100" ind1="1" ind2="0">
   <subfield code="a">CHALAK </subfield>
  </datafield>
  <datafield tag="245" ind1="1" ind2="4">
   <subfield code="a">The art of business based on the art of war by Sun Tzu  </subfield>
   <subfield code="c">Tal Chalak..</subfield>
  </datafield>
  <datafield tag="260" ind1="0" ind2="0">
   <subfield code="a">Petaling Jaya: </subfield>
   <subfield code="b">Pelanduk Pub., </subfield>
   <subfield code="c">1993.</subfield>
  </datafield>
  <datafield tag="300" ind1=" " ind2=" ">
   <subfield code="a">x, 166p.; </subfield>
   <subfield code="c">22 cm.</subfield>
  </datafield>
  <datafield tag="650" ind1="0" ind2="0">
   <subfield code="a">Business </subfield>
  </datafield>
 </record>
</collection>
